[Event "Ardennes-ch 0102"]
[Site "Ardennes"]
[Date "2001.??.??"]
[Round "?"]
[White "Louis, Vincent"]
[Black "Thoue, Roger"]
[Result "1/2-1/2"]
[WhiteElo "1510"]
[BlackElo "1440"]
[PlyCount "69"]
[EventDate "2001.??.??"]
[EventType "swiss"]
[EventRounds "9"]
[EventCountry "FRA"]
[SourceTitle "EXT 2008"]
[Source "ChessBase"]
[SourceDate "2007.11.25"]
[SourceVersion "1"]
[SourceVersionDate "2007.11.25"]
[SourceQuality "1"]

1. e4 c6 2. d4 d5 3. e5 Bf5 4. Bd3 Bxd3 5. Qxd3 e6 6. a3 Nd7 7. Nf3 c5 8. c3 c4 9. Qc2 h6 10. Be3 Ne7 11. Nbd2 Nf5 12. Ke2 Be7 13. Bf4 Nf8 14. g4 Nh4 15. Bg3 Nxf3 16. Nxf3 Ng6 17. Qa4+ Qd7 18. Qxd7+ Kxd7 19. h4 h5 20. g5 f5 21. Ke3 Rhf8 22. Bf4 a5 23. Nd2 a4 24. Nf1 Ra6 25. Ng3 Nxf4 26. Kxf4 g6 27. Ne2 Rb6 28. Rab1 Rb3 29. Ke3 Ke8 30. f4 Kf7 31. Kd2 Rc8 32. Kc2 Rc6 33. Rhd1 Rcb6 34. Nc1 R3b5 35. Kd2 1/2-1/2

[Event "Ardennes-ch 0102"]
[Site "Ardennes"]
[Date "2001.??.??"]
[Round "?"]
[White "Thoue, Roger"]
[Black "Chebridon, Jean Louis"]
[Result "0-1"]
[WhiteElo "1450"]
[BlackElo "1570"]
[PlyCount "72"]
[EventDate "2001.??.??"]
[EventType "swiss"]
[EventRounds "9"]
[EventCountry "FRA"]
[SourceTitle "EXT 2008"]
[Source "ChessBase"]
[SourceDate "2007.11.25"]
[SourceVersion "1"]
[SourceVersionDate "2007.11.25"]
[SourceQuality "1"]

1. e4 d5 2. exd5 Qxd5 3. Nc3 Qa5 4. d4 c6 5. Bd2 Bf5 6. a3 e6 7. Nge2 Nf6 8. Ng3 Bg6 9. Bd3 Bxd3 10. cxd3 Qb6 11. Na4 Qxd4 12. Bc3 Qd8 13. b4 Bd6 14. Ne4 Nxe4 15. dxe4 0-0 16. e5 Bc7 17. 0-0 Nd7 18. Qe2 Qg5 19. f4 Qe7 20. Kh1 Nb6 21. Nc5 Nd5 22. Bb2 a5 23. Nxb7 axb4 24. a4 Rab8 25. Nd6 Bxd6 26. exd6 Qxd6 27. Qg4 f6 28. Qg3 c5 29. h4 c4 30. Bd4 b3 31. h5 b2 32. Rab1 Rb3 33. Qh4 c3 34. h6 Ra8 35. hxg7 Rxa4 36. Qh5 Rxd4 0-1